Asesinato y ánimas en pena /
Saved in:
| Main Author: | |
|---|---|
| Format: | Book |
| Language: | Español |
| Published: |
Barcelona, España :
Libros del Asteroide,
2015, c2015
|
| Series: | (Libros del Asteroide ;
153) |
| Subjects: | |
| Tags: |
No Tags, Be the first to tag this record!
|
MARC
| LEADER | 00000nam^a2200000^a^4500 | ||
|---|---|---|---|
| 001 | 000390395 | ||
| 005 | 20250521000000.0 | ||
| 009 | 20260310121146.455 | ||
| 020 | |a 978-84-16213-53-5 | ||
| 037 | |a Acervo ITESO - Biblioteca | ||
| 041 | |a ESP | ||
| 082 | |a 819. 13 |b DAV | ||
| 100 | |a Davies, Robertson |e (autor) | ||
| 240 | 1 | 1 | |a [Trilogía de Toronto] |
| 245 | 1 | 0 | |a Asesinato y ánimas en pena / |c R. Davies ; tr. por José Luis Fernández Villanueva. |
| 264 | 4 | |a Barcelona, España : |b Libros del Asteroide, |c 2015, c2015 | |
| 300 | |a 382 p. | ||
| 336 | |a texto |b txt |2 rdacontenido | ||
| 337 | |a sin mediación |b n |2 rdamedio | ||
| 338 | |a volumen |b nc |2 rdasoporte | ||
| 440 | 1 | |a (Libros del Asteroide ; |v 153) | |
| 500 | |a Traducción de: Murther and Walking Spirits | ||
| 649 | |a XX | ||
| 650 | |a Fantasmas en la Literatura | ||
| 650 | |a Asesinato en la Literatura | ||
| 650 | |a Novela Canadiense | ||
| 650 | |a Literatura Canadiense - |y Siglo XX | ||
| 910 | |a Fondo General | ||
| 920 | |a Impresos - Libros | ||
| 930 | |a Colección General | ||
| 940 | |a Literatura | ||
| 905 | |a 101 | ||
| 901 | |a 0500285031 |b IT1 |c LIT |i C148689 |u 20250521 | ||
| 902 | |a https://opac.biblio.iteso.mx/vufind/Record/000390395 | ||